000 00549nam a22002057a 4500
003 OSt
005 20140310182911.0
008 130128t xxu||||| |||| 00| 0 eng d
020 _a971897654x
050 _aKPM 2789
_b.V718 2001
082 _aFIL 336.2012
_b.V718 2001
245 _aTaxation simplified
_cVillanueva, Angelina Arandia
260 _aQuezon City
_bCentral Professional Book
_c2003
300 _a427 p.
_c23 cm.
521 _acollege students
526 _c1210L-1700L
541 _j1
562 _e1
942 _2lcc
_cBK
_kFIL
999 _c17222
_d17222